[Event "XXXVI Open Internacional d'Esc"]
[Site "Badalona (Spain)"]
[Date "2010.08.07"]
[Round "6"]
[Board "1"]
[White "Anikaev, Yuri N"]
[Black "Ipatov, Alexander"]
[Result "1/2-1/2"]
[WhiteElo "2411"]
[BlackElo "2507"]
[PlyCount "129"]
[EventDate "2010.08.02"]
[EventRounds "9"]
[EventCountry "ESP"]

1.d4 Nf6 2.c4 e5 3.dxe5 Ng4 4.Bf4 g5 5.Bg3 Bg7 6.Nf3 Nc6 7.Qc1 Ngxe5 8.Nxe5 Nxe5
9.Nc3 d6 10.Qc2 f5 11.Bxe5 Bxe5 12.O-O-O Be6 13.e3 O-O 14.Bd3 Kh8 15.g3 a6 16.f4
Bg7 17.Ne2 c5 18.e4 b5 19.exf5 Bg8 20.h4 g4 21.Be4 Rb8 22.Bd5 bxc4 23.Nc3 Qa5
24.Bxg8 Rxb2 25.Qxb2 Bxc3 26.Qb7 Rxg8 27.Rxd6 Bd4 28.Rd7 Qc3+ 29.Kb1 Qa1+ 30.Kc2
Qxa2+ 31.Kc1 Qa1+ 32.Kc2 Qc3+ 33.Kb1 Qd3+ 34.Kc1 Be3+ 35.Kb2 Bd4+ 36.Kc1 Qc3+
37.Kb1 Bg7 38.Rhd1 Qa1+ 39.Kc2 Qa2+ 40.Kc1 Qa3+ 41.Kc2 Qa4+ 42.Kc1 Re8 43.Rd8
Qa1+ 44.Kc2 Qa4+ 45.Kc1 Bd4 46.Rxe8+ Qxe8 47.f6 Bxf6 48.Rd6 Bd4 49.Rxd4 cxd4
50.Qd5 Qe3+ 51.Kb1 Qe1+ 52.Ka2 Qe2+ 53.Ka1 d3 54.Qd4+ Kg8 55.Qxc4+ Kf8 56.Qc8+
Ke7 57.Qc7+ Ke6 58.Qc6+ Kf7 59.Qd5+ Kf8 60.Qd8+ Kf7 61.Qd7+ Kf8 62.Qd8+ Kf7
63.Qd7+ Kf6 64.Qd6+ Qe6 65.Qxd3

[Event "XXXVI Open Internacional d'Esc"]
[Site "Badalona (Spain)"]
[Date "2010.08.07"]
[Round "6"]
[Board "1"]
[White "Mestre Bellido, Hector"]
[Black "Cruz, Filemon"]
[Result "1/2-1/2"]
[WhiteElo "2404"]
[BlackElo "2456"]
[PlyCount "131"]
[EventDate "2010.08.02"]
[EventRounds "9"]
[EventCountry "ESP"]

1.e4 e6 2.d4 d5 3.Nd2 c5 4.exd5 exd5 5.Ngf3 Nf6 6.Be2 Nc6 7.O-O Be7 8.dxc5 Bxc5
9.Nb3 Bb6 10.Bg5 O-O 11.c3 Re8 12.Nfd4 Qd6 13.Bf3 Ne4 14.Be3 Ne5 15.Nb5 Qc6
16.Bxb6 Qxb6 17.N5d4 a5 18.a4 Bd7 19.Re1 Nc4 20.Qc2 Nf6 21.Be2 Nd6 22.Nd2 Re7
23.Bd3 Rae8 24.Rxe7 Rxe7 25.Qb3 Qc5 26.h3 g6 27.Nf1 Nh5 28.Ne3 Bc6 29.Be2 Nf4
30.Bf3 Kg7 31.Rd1 Ne4 32.Kf1 Re8 33.h4 Nf6 34.Ne2 Nxe2 35.Kxe2 b5 36.axb5 Bxb5+
37.Kd2 Bc4 38.Qa3 Qb6 39.Kc1 Bb3 40.Rd4 a4 41.Bd1 Rc8 42.Rb4 Qc7 43.Bxb3 axb3
44.Qxb3 Qh2 45.Qd1 Re8 46.Kc2 h5 47.Qf3 Qd6 48.Rd4 Rd8 49.Qf4 Qe6 50.Rb4 Ne4
51.Nxd5 Nxf2 52.Qd4+ Kh6 53.Qf4+ Kg7 54.Qd4+ Kh6 55.Qe3+ Qxe3 56.Nxe3 f5 57.Rd4
Re8 58.Nd5 g5 59.hxg5+ Kxg5 60.b4 Ne4 61.Rd3 Rh8 62.Kb2 h4 63.c4 Rb8 64.b5 Nd6
65.Ne3 Nxc4+ 66.Nxc4

[Event "XXXVI Open Internacional d'Esc"]
[Site "Badalona (Spain)"]
[Date "2010.08.07"]
[Round "6"]
[Board "1"]
[White "Gonzalez Perez, Arian"]
[Black "Karlsson, Lars"]
[Result "0-1"]
[WhiteElo "2403"]
[BlackElo "2449"]
[PlyCount "164"]
[EventDate "2010.08.02"]
[EventRounds "9"]
[EventCountry "ESP"]

1.e4 d6 2.d4 g6 3.Nc3 Bg7 4.Bg5 c6 5.Qd2 b5 6.f4 Nf6 7.Bd3 O-O 8.Nf3 Bg4 9.e5
Bxf3 10.gxf3 Nh5 11.O-O-O f6 12.exf6 exf6 13.Bh4 Bh6 14.Ne2 Qd7 15.Kb1 f5
16.Rdg1 Na6 17.Bg5 Bxg5 18.Rxg5 Nc7 19.d5 Nxd5 20.Bxb5 Ne7 21.Ba4 d5 22.Re1 Qd6
23.Nd4 Nxf4 24.Rxe7 Qxe7 25.Qxf4 Qe1+ 26.Qc1 Qb4 27.Bxc6 Qxd4 28.Bxa8 Rxa8
29.Rg2 Rb8 30.b3 Re8 31.Rd2 Qh4 32.Rxd5 Qxh2 33.Qd1 Qh4 34.Qd3 Qf6 35.Qc4 Kg7
36.Rd7+ Re7 37.Qc7 Rxd7 38.Qxd7+ Kh6 39.c4 Qe5 40.Qxa7 Qe1+ 41.Kb2 Qe2+ 42.Ka3
Qxf3 43.c5 Qe3 44.Qa5 f4 45.Qb5 Qc1+ 46.Ka4 f3 47.Qb8 Kh5 48.Qg3 Qf1 49.Qe5+ g5
50.Qe8+ Kh4 51.Qe4+ g4 52.Qxh7+ Kg3 53.Qc7+ Kg2 54.Qb7 Qe2 55.Qd5 Kg1 56.c6 Qa6+
57.Kb4 Qb6+ 58.Ka3 f2 59.Qd1+ f1=Q 60.Qxg4+ Kh2 61.Qh5+ Kg3 62.Qg5+ Kh2 63.Qh5+
Qh3 64.Qe2+ Qg2 65.Qh5+ Qh3 66.Qe2+ Kh1 67.Qe1+ Kh2 68.Qe2+ Qg2 69.Qh5+ Kg1
70.Qd1+ Qf1 71.Qg4+ Kf2 72.Qf4+ Kg2 73.Qg4+ Kh2 74.Qh5+ Kg3 75.Qg5+ Kf3 76.Qf5+
Ke2 77.Qc2+ Ke3 78.Qc3+ Ke4 79.Qc2+ Kd5 80.Qd2+ Kxc6 81.b4 Qf5 82.Kb2 Qbf2

[Event "XXXVI Open Internacional d'Esc"]
[Site "Badalona (Spain)"]
[Date "2010.08.08"]
[Round "7"]
[Board "1"]
[White "Quesada Perez, Yuniesky"]
[Black "Munoz Pantoja, Miguel"]
[Result "1-0"]
[WhiteElo "2603"]
[BlackElo "2494"]
[PlyCount "47"]
[EventDate "2010.08.02"]
[EventRounds "9"]
[EventCountry "ESP"]

1.e4 c5 2.Nf3 Nc6 3.Bb5 Nf6 4.Nc3 Nd4 5.e5 Nxb5 6.Nxb5 Nd5 7.Ng5 f5 8.O-O e6
9.d4 c4 10.Re1 Qa5 11.a4 a6 12.Nc3 Nxc3 13.bxc3 Qxc3 14.Ba3 Bxa3 15.Re3 Qb4
16.Rexa3 O-O 17.Rg3 g6 18.Rh3 h5 19.Nf3 Kf7 20.Qc1 Rg8 21.Rb1 Qxa4 22.d5 Qa5
23.Qh6 Qd8 24.Ng5+

[Event "XXXVI Open Internacional d'Esc"]
[Site "Badalona (Spain)"]
[Date "2010.08.08"]
[Round "7"]
[Board "1"]
[White "Corrales Jimenez, Fidel"]
[Black "Bhat, Vinay S"]
[Result "1-0"]
[WhiteElo "2574"]
[BlackElo "2536"]
[PlyCount "75"]
[EventDate "2010.08.02"]
[EventRounds "9"]
[EventCountry "ESP"]

1.e4 e5 2.Nf3 Nc6 3.d4 exd4 4.Nxd4 Nf6 5.Nxc6 bxc6 6.e5 Qe7 7.Qe2 Nd5 8.c4 Nb6
9.Nd2 a5 10.g3 Qe6 11.b3 Bb4 12.Bb2 O-O 13.Bg2 d5 14.O-O Qg6 15.a3 Bxd2 16.Qxd2
dxc4 17.Rac1 Bf5 18.bxc4 Bd3 19.Rfe1 {[%emt 0:00:03]} Nxc4 20.Qc3 Nxb2 21.Qxb2
{[%emt 0:00:03]} Bb5 22.Be4 {[%emt 0:00:03]} Qe6 23.Qc2 {[%emt 0:00:04]} g6
24.a4 {[%emt 0:00:03]} Ba6 25.Qxc6 Rab8 26.Qxc7 {[%emt 0:00:07]} Rfc8 27.Qxa5
{[%emt 0:00:01]} Bc4 28.Qd2 Qa6 29.a5 {[%emt 0:00:02]} Rd8 30.Qc2 Be6 31.Ra1
Rbc8 32.Qe2 Bc4 33.Qf3 Rd7 34.h4 h5 35.Reb1 Re8 36.Rb6 Qa7 37.Bc6 Rd3 38.Qf4

[Event "XXXVI Open Internacional d'Esc"]
[Site "Badalona (Spain)"]
[Date "2010.08.08"]
[Round "7"]
[Board "1"]
[White "Bruzon Batista, Lazaro"]
[Black "Larino Nieto, David"]
[Result "1-0"]
[WhiteElo "2653"]
[BlackElo "2461"]
[PlyCount "69"]
[EventDate "2010.08.02"]
[EventRounds "9"]
[EventCountry "ESP"]

1.c4 {[%emt 0:00:01]} Nf6 {[%emt 0:00:01]} 2.Nc3 {[%emt 0:00:01]} g6 3.g3 Bg7
4.Bg2 O-O 5.d3 e5 6.e4 Nc6 7.Nge2 Nd4 8.O-O d6 9.Nxd4 exd4 10.Ne2 c5 11.b4 Bd7
12.bxc5 dxc5 13.Rb1 Bc6 14.Nf4 Nd7 15.Nd5 f5 16.exf5 Rxf5 17.Re1 Rf7 18.Rb2 Kh8
19.Rbe2 Nb6 20.h4 Bxd5 21.cxd5 Qd7 22.Bg5 h6 23.Re7 Qf5 24.Rxf7 Qxf7 25.Be7 c4
26.dxc4 Nxc4 27.Qb3 Ne5 28.d6 Qf5 29.Qxb7 Rg8 30.Qe4 d3 31.Qxf5 gxf5 32.Rd1 f4
33.Bd5 Rb8 34.gxf4 Ng6 35.Bf7

[Event "XXXVI Open Internacional d'Esc"]
[Site "Badalona (Spain)"]
[Date "2010.08.08"]
[Round "7"]
[Board "1"]
[White "Narciso Dublan, Marc"]
[Black "Almeida Quintana, Omar"]
[Result "0-1"]
[WhiteElo "2540"]
[BlackElo "2559"]
[PlyCount "76"]
[EventDate "2010.08.02"]
[EventRounds "9"]
[EventCountry "ESP"]

1.d4 g6 2.c4 Bg7 3.g3 d6 4.Bg2 Nf6 5.Nf3 O-O 6.O-O c6 7.Nc3 Qa5 8.e4 e5 9.h3
Nbd7 10.Re1 exd4 11.Nxd4 Ne5 12.Bf1 Be6 13.Nxe6 fxe6 14.Kg2 Rad8 15.Be3 c5
16.Qb3 Rf7 17.Rad1 Nc6 18.Rd2 e5 19.Qb5 Qc7 20.Qa4 a6 21.Nd5 Qb8 22.Bd3 Nd4
23.Bxd4 cxd4 24.Rc2 Nxd5 {[%emt 0:00:03]} 25.exd5 Rdf8 {[%emt 0:00:00]} 26.Be4
Qa7 27.Ree2 a5 28.Qa3 Qc5 29.Qd3 Bh6 30.h4 Kg7 31.Re1 Rf6 32.Rh1 Qc7 33.Re1 Qf7
34.Ree2 g5 35.h5 g4 36.c5 dxc5 37.Qd1 b5 38.a4 c4

[Event "XXXVI Open Internacional d'Esc"]
[Site "Badalona (Spain)"]
[Date "2010.08.08"]
[Round "7"]
[Board "1"]
[White "Cruz, Jonathan"]
[Black "Gonzalez Garcia, Jose"]
[Result "1/2-1/2"]
[WhiteElo "2437"]
[BlackElo "2508"]
[PlyCount "26"]
[EventDate "2010.08.02"]
[EventRounds "9"]
[EventCountry "ESP"]

1.d4 d5 2.c4 dxc4 3.Nf3 Nf6 4.e3 e6 5.Bxc4 c5 6.O-O Nc6 7.Qe2 cxd4 8.Rd1 Be7
9.exd4 O-O 10.Nc3 Na5 11.Bd3 b6 12.Bg5 Bb7 13.Rac1 Rc8

[Event "XXXVI Open Internacional d'Esc"]
[Site "Badalona (Spain)"]
[Date "2010.08.08"]
[Round "7"]
[Board "1"]
[White "Karlsson, Lars"]
[Black "Perez Mitjans, Orelvis"]
[Result "1-0"]
[WhiteElo "2449"]
[BlackElo "2424"]
[PlyCount "75"]
[EventDate "2010.08.02"]
[EventRounds "9"]
[EventCountry "ESP"]

1.g3 {[%emt 0:00:00]} d5 {[%emt 0:00:00]} 2.f4 Nc6 3.Nf3 Bg4 4.Bg2 Qd7 5.c4 e6
6.Nc3 d4 7.Ne4 Bxf3 8.Bxf3 Be7 9.b4 Nxb4 10.Rb1 Rb8 11.Ba3 a5 12.Bxb4 axb4 13.c5
f5 14.c6 bxc6 15.Nf2 Nf6 16.Nd3 Bd6 17.Qc2 O-O 18.Bxc6 Qe7 19.Qc4 Rb6 20.Rc1 Rd8
21.Rc2 Kh8 22.O-O Ne4 23.Bxe4 fxe4 24.Nf2 e3 25.dxe3 e5 26.f5 b3 27.axb3 dxe3
28.Nd3 Rdb8 29.Rc3 Qf6 30.Qe4 h6 31.b4 R8b7 32.Rc6 Rxc6 33.Qxc6 Rb6 34.Qe4 Rb5
35.Qg4 Kh7 36.Rc1 Rb7 37.Rf1 Ra7 38.Rf3

[Event "XXXVI Open Internacional d'Esc"]
[Site "Badalona (Spain)"]
[Date "2010.08.08"]
[Round "7"]
[Board "1"]
[White "Bromberger, Stefan"]
[Black "Anikaev, Yuri N"]
[Result "1-0"]
[WhiteElo "2537"]
[BlackElo "2411"]
[PlyCount "59"]
[EventDate "2010.08.02"]
[EventRounds "9"]
[EventCountry "ESP"]

1.e4 {[%emt 0:00:00]} c5 {[%emt 0:00:00]} 2.Nf3 Nc6 3.d4 cxd4 4.Nxd4 Nf6 5.Nc3
d6 6.Bg5 e6 7.Qd2 Be7 8.O-O-O O-O 9.f4 Nxd4 10.Qxd4 Qa5 11.e5 dxe5 12.Qxe5 Qc5
13.Be2 Nd7 14.Bxe7 Qxe7 15.Qc7 Qd8 16.Qd6 Qa5 17.Rd4 a6 18.Rhd1 b5 19.a4 Ra7
20.axb5 axb5 21.Bxb5 Nb6 22.Qb4 Bb7 23.Qxa5 Rxa5 24.Bf1 Nd5 25.Nxd5 Bxd5 26.c4
Bc6 27.b4 Ra2 28.b5 Bb7 29.R4d2 Ra4 30.Kb2

[Event "XXXVI Open Internacional d'Esc"]
[Site "Badalona (Spain)"]
[Date "2010.08.08"]
[Round "7"]
[Board "1"]
[White "Ipatov, Alexander"]
[Black "Mohota, Nisha"]
[Result "1-0"]
[WhiteElo "2507"]
[BlackElo "2295"]
[PlyCount "175"]
[EventDate "2010.08.02"]
[EventRounds "9"]
[EventCountry "ESP"]

1.d4 {[%emt 0:00:00]} d5 {[%emt 0:00:00]} 2.Bf4 c5 3.e3 Nf6 4.c3 Nc6 5.Nd2 cxd4
6.exd4 g6 7.Bd3 Bg7 8.Ngf3 Bf5 9.Bxf5 gxf5 10.Qb3 Qd7 11.Ne5 Nxe5 12.Bxe5 O-O
13.a4 Ne4 14.Bf4 Nxd2 15.Kxd2 Rac8 16.Rhe1 Rc6 17.Qb5 Re8 18.a5 a6 19.Qd3 Rg6
20.Qf3 f6 21.g3 e5 22.Be3 Rg4 23.Qd1 Qb5 24.Kc2 exd4 25.Bxd4 Rxe1 26.Qxe1 Re4
27.Be3 d4 28.cxd4 Bf8 29.Qf1 Qd5 30.Rc1 Re6 31.Kb1 Rc6 32.Rxc6 Qxc6 33.Qd3 Qd5
34.Bd2 Bc5 35.Bc3 Bd6 36.Qe2 Kf8 37.Qe3 f4 38.gxf4 Qh1+ 39.Kc2 Qxh2 40.Qe6 Qxf2+
41.Kb3 Be7 42.Qc8+ Kf7 43.Qxb7 Qe2 44.Qd5+ Kf8 45.Qh1 h5 46.Ka2 h4 47.Qxh4 Qc4+
48.Kb1 Qf1+ 49.Kc2 Qe2+ 50.Kc1 Qe3+ 51.Kd1 Qd3+ 52.Ke1 Qe3+ 53.Kf1 Qc1+ 54.Kg2
Qc2+ 55.Qf2 Qg6+ 56.Kf1 Qb1+ 57.Ke2 Qe4+ 58.Qe3 Qg2+ 59.Kd3 Qf1+ 60.Kc2 Bd6
61.Bd2 Qc4+ 62.Qc3 Qa4+ 63.b3 Qd7 64.Qc4 Bxf4 65.Bxf4 Qf5+ 66.Kc3 Qxf4 67.Qxa6
Qc1+ 68.Kb4 Qd2+ 69.Ka3 Qxd4 70.Qb6 Qa1+ 71.Kb4 Qe1+ 72.Ka4 Qa1+ 73.Kb5 Qf1+
74.Kc6 Qf3+ 75.Kd7 Qf5+ 76.Kc7 Qc2+ 77.Kb7 Qe4+ 78.Kc7 Qe7+ 79.Kc8 f5 80.a6 Qe4
81.a7 Ke8 82.Qb5+ Kf8 83.Kb8 Qf4+ 84.Kb7 Qf3+ 85.Qc6 Qxb3+ 86.Kc8 f4 87.a8=Q
Qh3+ 88.Qd7

[Event "XXXVI Open Internacional d'Esc"]
[Site "Badalona (Spain)"]
[Date "2010.08.08"]
[Round "7"]
[Board "1"]
[White "Abreu Delgado, Aryam"]
[Black "Mestre Bellido, Hector"]
[Result "1-0"]
[WhiteElo "2474"]
[BlackElo "2404"]
[PlyCount "57"]
[EventDate "2010.08.02"]
[EventRounds "9"]
[EventCountry "ESP"]

1.e4 e5 2.Nf3 Nc6 3.Bb5 a6 4.Ba4 Nf6 5.O-O Be7 6.d3 b5 7.Bb3 d6 8.a4 Bb7 9.Nc3
Nd4 10.axb5 Nxb3 11.cxb3 O-O 12.bxa6 Rxa6 13.Rxa6 Bxa6 14.Bg5 Nd7 15.Bxe7 Qxe7
16.Qc2 Nc5 17.Nd5 Qd7 18.Nxe5 Qd8 19.b4 Ne6 20.Nc6 Qd7 21.Qa4 Bc8 22.f4 Re8
23.f5 Nf8 24.b5 Bb7 25.Rc1 Bxc6 26.bxc6 Qd8 27.Qa7 Qg5 28.Qe3 Qd8 29.b4

[Event "XXXVI Open Internacional d'Esc"]
[Site "Badalona (Spain)"]
[Date "2010.08.08"]
[Round "7"]
[Board "1"]
[White "Cruz, Filemon"]
[Black "Perpinya Rofes, Lluis Maria"]
[Result "1-0"]
[WhiteElo "2456"]
[BlackElo "2344"]
[PlyCount "63"]
[EventDate "2010.08.02"]
[EventRounds "9"]
[EventCountry "ESP"]

1.d4 {[%emt 0:00:00]} Nf6 2.c4 g6 3.Nc3 Bg7 4.e4 d6 5.Be2 O-O 6.Bg5 Na6 7.Qd2 e5
8.d5 c6 9.h4 cxd5 10.cxd5 Nc5 11.f3 Bd7 12.Nh3 Qb6 13.g4 Rfc8 14.Nf2 a5 15.h5
Be8 16.Be3 a4 17.Nd3 Nxd3+ 18.Bxd3 Qa5 19.a3 Nd7 20.hxg6 fxg6 21.Kf2 Nc5 22.Kg3
Rc7 23.Be2 Rf7 24.Rh3 Bf6 25.Rah1 Rb8 26.Bd1 Qb6 27.Bxa4 Qd8 28.Bxe8 Qxe8 29.Qh2
Qe7 30.Rh6 Bh8 31.Rxg6+ Kf8 32.Qh6+

[Event "XXXVI Open Internacional d'Esc"]
[Site "Badalona (Spain)"]
[Date "2010.08.09"]
[Round "8"]
[Board "1"]
[White "Quesada Perez, Yuniesky"]
[Black "Almeida Quintana, Omar"]
[Result "1/2-1/2"]
[WhiteElo "2603"]
[BlackElo "2559"]
[PlyCount "43"]
[EventDate "2010.08.02"]
[EventRounds "9"]
[EventCountry "ESP"]

1.e4 e6 2.d4 d5 3.Nc3 Nf6 4.e5 Nfd7 5.f4 c5 6.Nf3 Nc6 7.Be3 cxd4 8.Nxd4 Bc5
9.Qd2 Bxd4 10.Bxd4 Nxd4 11.Qxd4 Qb6 12.Qxb6 Nxb6 13.Nb5 Ke7 14.Bd3 Bd7 15.Nd4 a6
16.b3 Nc8 17.Kd2 Na7 18.h4 h5 19.Rhe1 Nc6 20.c3 Nxd4 21.cxd4 Bb5 22.Rec1

[Event "XXXVI Open Internacional d'Esc"]
[Site "Badalona (Spain)"]
[Date "2010.08.09"]
[Round "8"]
[Board "1"]
[White "Corrales Jimenez, Fidel"]
[Black "Bruzon Batista, Lazaro"]
[Result "1/2-1/2"]
[WhiteElo "2574"]
[BlackElo "2653"]
[PlyCount "42"]
[EventDate "2010.08.02"]
[EventRounds "9"]
[EventCountry "ESP"]

1.d4 d5 2.c4 c6 3.Nc3 Nf6 4.e3 g6 5.Nf3 Bg7 6.Bd3 O-O 7.O-O Bg4 8.h3 Bxf3 9.Qxf3
e6 10.Rd1 Nbd7 11.Qe2 Re8 12.b3 a6 13.Bb2 Qe7 14.Rac1 Rad8 15.Bb1 h5 16.e4 dxe4
17.Nxe4 Nxe4 18.Bxe4 Nb6 19.Rd3 Rd7 20.Rcd1 Red8 21.Bf3 Nc8

[Event "XXXVI Open Internacional d'Esc"]
[Site "Badalona (Spain)"]
[Date "2010.08.09"]
[Round "8"]
[Board "1"]
[White "Gonzalez Garcia, Jose"]
[Black "Karlsson, Lars"]
[Result "1/2-1/2"]
[WhiteElo "2508"]
[BlackElo "2449"]
[PlyCount "77"]
[EventDate "2010.08.02"]
[EventRounds "9"]
[EventCountry "ESP"]

1.d4 e6 2.Nf3 f5 3.g3 Nf6 4.Bg2 d5 5.O-O Bd6 6.c4 O-O 7.Nc3 c6 8.Qc2 Qe7 9.Bg5
h6 10.Bf4 Bxf4 11.gxf4 Nh5 12.e3 Nd7 13.Ne5 Nxe5 14.fxe5 g5 15.f4 Kh8 16.Qe2 Ng7
17.Rab1 Bd7 18.b4 Rac8 19.c5 Be8 20.Qf2 Rg8 21.Kh1 g4 22.Ne2 h5 23.h4 Bd7 24.a4
Ne8 25.Qg3 Nc7 26.Rfc1 a5 27.bxa5 Rb8 28.Rc2 Bc8 29.Nc1 Ra8 30.Nb3 Na6 31.Nc1
Nb8 32.Nb3 Qd8 33.Bf1 Rg7 34.Kg1 Kg8 35.Rg2 Nd7 36.Bd3 Nf8 37.Rh2 Ng6 38.Kh1 Ra7
39.Kg2

[Event "XXXVI Open Internacional d'Esc"]
[Site "Badalona (Spain)"]
[Date "2010.08.09"]
[Round "8"]
[Board "1"]
[White "Bromberger, Stefan"]
[Black "Abreu Delgado, Aryam"]
[Result "1/2-1/2"]
[WhiteElo "2537"]
[BlackElo "2474"]
[PlyCount "43"]
[EventDate "2010.08.02"]
[EventRounds "9"]
[EventCountry "ESP"]

1.e4 c5 2.Nf3 d6 3.d4 cxd4 4.Nxd4 Nf6 5.Nc3 a6 6.Bg5 e6 7.f4 Nbd7 8.Qf3 Qc7 9.g4
b5 10.Bxf6 Nxf6 11.g5 Nd7 12.O-O-O Be7 13.Kb1 b4 14.Nce2 Nc5 15.Bg2 Bb7 16.Qe3
g6 17.h4 Rf8 18.Rd2 Qb6 19.Ng3 Na4 20.Qb3 Nc5 21.Qe3 Na4 22.Qb3

[Event "XXXVI Open Internacional d'Esc"]
[Site "Badalona (Spain)"]
[Date "2010.08.09"]
[Round "8"]
[Board "1"]
[White "Cruz, Filemon"]
[Black "Ipatov, Alexander"]
[Result "1-0"]
[WhiteElo "2456"]
[BlackElo "2507"]
[PlyCount "81"]
[EventDate "2010.08.02"]
[EventRounds "9"]
[EventCountry "ESP"]

1.d4 Nf6 2.c4 g6 3.Nc3 d5 4.cxd5 Nxd5 5.e4 Nb6 6.Be3 Bg7 7.Bb5+ c6 8.Be2 O-O
9.Qd2 e5 10.dxe5 Qxd2+ 11.Kxd2 Bxe5 12.Nf3 Bg7 13.Rad1 Bg4 14.h3 Bxf3 15.gxf3
N8d7 16.Kc2 f5 17.a4 a5 18.b3 Rae8 19.Bd3 f4 20.Bd2 Ne5 21.Be2 Nbd7 22.Nb1 b6
23.Na3 c5 24.Bb5 Rd8 25.Bc3 Nb8 26.Bxe5 Bxe5 27.Nc4 Bc7 28.Rd5 Kf7 29.Rhd1 Ke6
30.R1d3 Rg8 31.Kd2 Rgf8 32.Ke2 Ke7 33.Rd1 Rf6 34.Rxd8 Bxd8 35.Kd3 Bc7 36.e5 Rf5
37.Ke4 Rh5 38.Nd6 Ke6 39.Nc4 Rxh3 40.Nxb6 Nc6 41.Bxc6

[Event "XXXVI Open Internacional d'Esc"]
[Site "Badalona (Spain)"]
[Date "2010.08.09"]
[Round "8"]
[Board "1"]
[White "Rojas Keim, Luis"]
[Black "Cruz, Jonathan"]
[Result "1-0"]
[WhiteElo "2437"]
[BlackElo "2437"]
[PlyCount "71"]
[EventDate "2010.08.02"]
[EventRounds "9"]
[EventCountry "ESP"]

1.d4 c6 2.e4 d5 3.exd5 cxd5 4.c4 Nf6 5.cxd5 g6 6.Nc3 Nxd5 7.Bc4 Nb6 8.Bb3 Bg7
9.Be3 O-O 10.a4 Bd7 11.d5 Na6 12.a5 Nc8 13.Nge2 Nd6 14.Bd4 Bxd4 15.Qxd4 Nb5
16.Nxb5 Bxb5 17.Nc3 Qd7 18.O-O-O Rac8 19.Kb1 Nc5 20.Bc2 a6 21.h4 h5 22.f3 Qd6
23.g4 Nd7 24.gxh5 Rc4 25.Qd2 Ne5 26.hxg6 fxg6 27.h5 Nxf3 28.Qh6 Rff4 29.hxg6 Rh4
30.Rxh4 Rxh4 31.Qe3 Ne5 32.Re1 Rh5 33.Ne4 Qxd5 34.Ng3 Rh3 35.Rd1 Nc4 36.Qxe7

[Event "XXXVI Open Internacional d'Esc"]
[Site "Badalona (Spain)"]
[Date "2010.08.09"]
[Round "8"]
[Board "1"]
[White "Perez Mitjans, Orelvis"]
[Black "Spielmann, Alain"]
[Result "1-0"]
[WhiteElo "2424"]
[BlackElo "2286"]
[PlyCount "93"]
[EventDate "2010.08.02"]
[EventRounds "9"]
[EventCountry "ESP"]

1.e4 c6 2.c4 d5 3.exd5 cxd5 4.cxd5 Nf6 5.Qa4+ Nbd7 6.Nc3 g6 7.Bc4 Bg7 8.d3 O-O
9.Nf3 Nc5 10.Qa3 Na6 11.Bf4 h6 12.h3 g5 13.Be5 Bf5 14.O-O Nc7 15.Qb3 Rb8 16.a4
Nfe8 17.Rfe1 Nd6 18.Re3 a6 19.a5 Bxe5 20.Rxe5 Qd7 21.Rae1 Rbe8 22.Qb6 Kg7 23.Qe3
Nc8 24.Ne4 Bxe4 25.Qd4 f6 26.R5xe4 Nd6 27.R4e2 Rg8 28.Qb6 Kh8 29.Nd4 Rg7 30.Bb3
Reg8 31.Rc2 Ncb5 32.Ba4 g4 33.h4 g3 34.f3 Nf5 35.Bxb5 axb5 36.Qxb5 Qxb5 37.Nxb5
Nxh4 38.Rc7 Nf5 39.Rxb7 Ra8 40.b4 Rgg8 41.Nc7 Rgc8 42.Nxa8 Rc2 43.Rbxe7 Nxe7
44.d6 Nc6 45.Nc7 Rd2 46.a6 Rb2 47.b5

[Event "XXXVI Open Internacional d'Esc"]
[Site "Badalona (Spain)"]
[Date "2010.08.09"]
[Round "8"]
[Board "1"]
[White "Gomez Jurado, Luis Alberto"]
[Black "Grafl, Florian"]
[Result "1/2-1/2"]
[WhiteElo "2287"]
[BlackElo "2416"]
[PlyCount "29"]
[EventDate "2010.08.02"]
[EventRounds "9"]
[EventCountry "ESP"]

1.d4 f5 2.g3 Nf6 3.Bg2 e6 4.Nf3 Be7 5.O-O O-O 6.c4 d6 7.b3 Ne4 8.Bb2 Nd7 9.Nbd2
Ndf6 10.Ne1 Qe8 11.f3 Nxd2 12.Qxd2 Qh5 13.e4 fxe4 14.fxe4 e5 15.Nd3

[Event "XXXVI Open Internacional d'Esc"]
[Site "Badalona (Spain)"]
[Date "2010.08.10"]
[Round "9"]
[Board "1"]
[White "Quesada Perez, Yuniesky"]
[Black "Bruzon Batista, Lazaro"]
[Result "1/2-1/2"]
[WhiteElo "2603"]
[BlackElo "2653"]
[PlyCount "41"]
[EventDate "2010.08.02"]
[EventRounds "9"]
[EventCountry "ESP"]

1.e4 e5 2.Nf3 Nc6 3.Bb5 a6 4.Bxc6 dxc6 5.O-O f6 6.d4 exd4 7.Nxd4 c5 8.Ne2 Qxd1
9.Rxd1 Bd7 10.Nbc3 O-O-O 11.Be3 Re8 12.Rd2 Bc6 13.Rad1 b6 14.f3 Ne7 15.Nf4 Ng6
16.Nxg6 hxg6 17.Bf4 Be7 18.h3 Bd8 19.Nd5 g5 20.Bg3 Rhf8 21.c4

[Event "XXXVI Open Internacional d'Esc"]
[Site "Badalona (Spain)"]
[Date "2010.08.10"]
[Round "9"]
[Board "1"]
[White "Narciso Dublan, Marc"]
[Black "Larino Nieto, David"]
[Result "1/2-1/2"]
[WhiteElo "2540"]
[BlackElo "2461"]
[PlyCount "33"]
[EventDate "2010.08.02"]
[EventRounds "9"]
[EventCountry "ESP"]

1.d4 Nf6 2.c4 g6 3.g3 Bg7 4.Bg2 c5 5.d5 d6 6.Nc3 O-O 7.Nf3 e6 8.O-O exd5 9.cxd5
Re8 10.Nd2 a6 11.a4 Nbd7 12.a5 b5 13.axb6 Nxb6 14.Nb3 Bf5 15.f3 Nc4 16.e4 Bd7
17.Re1

[Event "XXXVI Open Internacional d'Esc"]
[Site "Badalona (Spain)"]
[Date "2010.08.10"]
[Round "9"]
[Board "1"]
[White "Perez Mitjans, Orelvis"]
[Black "Gonzalez Garcia, Jose"]
[Result "0-1"]
[WhiteElo "2424"]
[BlackElo "2508"]
[PlyCount "106"]
[EventDate "2010.08.02"]
[EventRounds "9"]
[EventCountry "ESP"]

1.e4 e6 2.Qe2 Nc6 3.f4 d5 4.d3 dxe4 5.dxe4 e5 6.f5 g6 7.fxg6 hxg6 8.Nf3 Bg4
9.Be3 Bh6 10.Nbd2 Qf6 11.c3 Nge7 12.Bxh6 Rxh6 13.Qe3 Qf4 14.Qxf4 exf4 15.Bc4 f6
16.h3 O-O-O 17.O-O-O Bd7 18.Rhf1 g5 19.Nb3 Ne5 20.Be2 Nxf3 21.Bxf3 Ng6 22.Nc5
Ne5 23.Be2 Rhh8 24.Rd4 c6 25.Rd6 Rhf8 26.Rfd1 Kc7 27.Rxd7+ Nxd7 28.Ne6+ Kc8
29.Bg4 Rf7 30.Rd6 Re8 31.Nc5 Ree7 32.Nxd7 Kc7 33.Rd4 Rxd7 34.Bxd7 Rxd7 35.Kd2 c5
36.Rxd7+ Kxd7 37.c4 Kd6 38.Ke2 Ke6 39.Kd2 b6 40.Ke2 Kd6 41.Kd2 Ke6 42.Ke2 Ke5
43.Kd3 a6 44.a4 f5 45.exf5 Kxf5 46.Ke2 Ke4 47.Kf2 Kd3 48.Kf3 Kxc4 49.Kg4 Kb3
50.Kxg5 Kxb2 51.h4 c4 52.a5 bxa5 53.h5 f3

[Event "XXXVI Open Internacional d'Esc"]
[Site "Badalona (Spain)"]
[Date "2010.08.10"]
[Round "9"]
[Board "1"]
[White "Perpinya Rofes, Lluis Maria"]
[Black "Gongora Reyes, Maikel"]
[Result "1/2-1/2"]
[WhiteElo "2344"]
[BlackElo "2451"]
[PlyCount "77"]
[EventDate "2010.08.02"]
[EventRounds "9"]
[EventCountry "ESP"]

1.e4 e5 2.Nf3 Nc6 3.Bb5 Nf6 4.d3 Bc5 5.Nc3 d6 6.Na4 Bb6 7.c3 O-O 8.O-O Ne7
9.Nxb6 axb6 10.d4 Ng6 11.Re1 h6 12.a4 Nh7 13.b3 Qf6 14.Ra2 Rd8 15.h3 Be6 16.Nh2
Ng5 17.Ng4 Bxg4 18.Qxg4 exd4 19.cxd4 Qxd4 20.Bxg5 hxg5 21.Qxg5 c6 22.Bf1 Qb4
23.Re3 Qc5 24.Qg4 b5 25.Rg3 Re8 26.h4 Re5 27.a5 Rae8 28.Re2 Rh5 29.Qd7 Rf8
30.Rg5 Rxg5 31.hxg5 Ra8 32.Qxb7 Rxa5 33.Rd2 Ra7 34.Qb8+ Kh7 35.Qxd6 Qxg5 36.Qh2+
Qh6 37.Qxh6+ Kxh6 38.Rd6 Rc7 39.g3

[Event "XXXVI Open Internacional d'Esc"]
[Site "Badalona (Spain)"]
[Date "2010.08.10"]
[Round "9"]
[Board "1"]
[White "Cruz, Jonathan"]
[Black "Mohota, Nisha"]
[Result "0-1"]
[WhiteElo "2437"]
[BlackElo "2295"]
[PlyCount "78"]
[EventDate "2010.08.02"]
[EventRounds "9"]
[EventCountry "ESP"]

1.d4 f5 2.g3 Nf6 3.Bg2 g6 4.d5 Bg7 5.c4 Na6 6.Nf3 Nc5 7.O-O O-O 8.Nc3 Nce4
9.Nxe4 Nxe4 10.Qc2 e5 11.dxe6 dxe6 12.Nd2 Nc5 13.Rb1 e5 14.b4 Ne6 15.Nb3 f4
16.c5 Ng5 17.Bb2 Nh3+ 18.Kh1 Qg5 19.Nd2 Qh5 20.Bf3 Qh6 21.c6 b6 22.Bd5+ Kh8
23.Nf3 Bf5 24.Be4 Rae8 25.Rbd1 Qh5 26.Bxf5 gxf5 27.Rd7 Rf7 28.Kg2 e4 29.Rxf7
exf3+ 30.exf3 Ng5 31.Bxg7+ Kg8 32.Qxf5 Qxf3+ 33.Kg1 Nxf7 34.Bd4 Qxc6 35.Qxf4 Re4
36.Qf3 Ng5 37.Qf6 Nh3+ 38.Kg2 Re6+ 39.Qf3 Nf4+